| 000 | 00573nam a22002057a 4500 | ||
|---|---|---|---|
| 003 | OSt | ||
| 008 | 230420b2022 |||||||| |||| 00| 0 eng d | ||
| 020 | _a9789357460507 | ||
| 082 |
_a658.403 _bBAK-D |
||
| 100 | _aBaker, Pam | ||
| 245 |
_aDecision intelligence for dummies / _cPam Baker |
||
| 260 |
_aNew Delhi : _bWiley, _c2022. |
||
| 300 | _ax, 306p. ; | ||
| 650 | _aDecision making | ||
| 650 | _aProblem solving | ||
| 650 | _aArtificial intelligence | ||
| 650 | _aArtificial intelligence-Data processing | ||
| 650 | _aElectronic data processing | ||
| 942 |
_2ddc _cBK |
||
| 999 |
_c19449 _d19449 |
||